東海道型放送の採用駅 - Statistics

General Stats
  • This quiz has been taken 10 times
  • The average score is 5 of 7
Answer Stats
支社 Answer % Correct
秋田支社 大曲
90%
成田空港
70%
水戸支社 勝田
70%
田沢湖
60%
角館
60%
千葉支社 空港第2ビル
60%
東北本部 米沢
50%
No matching quizzes found
Score Distribution
Percent of People with Each Score
Percentile by Number Answered
Your Score History
You have not taken this quiz